[Event "Robinson Cup U14"]
[Site "Cardiff"]
[Date "2017.07.24"]
[Round "1.1"]
[White "Murphy, Adam"]
[Black "Melaugh, Gavin"]
[Result "0-1"]
[WhiteElo "1526"]
[BlackElo "1907"]
[PlyCount "128"]
[EventDate "2017.07.24"]
[EventType "team-tourn"]
[EventRounds "5"]
[EventCountry "WLS"]
[SourceTitle "EXT 2023"]
[Source "ChessBase"]
[SourceDate "2022.10.05"]
[SourceVersion "1"]
[SourceVersionDate "2022.10.05"]
[SourceQuality "1"]
[WhiteTeam "Ireland U14 II"]
[BlackTeam "Ireland U14"]
[WhiteTeamCountry "IRL"]
[BlackTeamCountry "IRL"]

1. d4 Nf6 2. Nf3 g6 3. Nbd2 Bg7 4. e4 d6 5. Bd3 0-0 6. 0-0 Nbd7 7. c3 e5 8. Re1 Nh5 9. Nf1 Nf4 10. Bxf4 exf4 11. Qd2 g5 12. h3 Re8 13. N1h2 Nf8 14. Re2 h5 15. e5 g4 16. Ne1 dxe5 17. dxe5 Qg5 18. h4 Qh6 19. f3 g3 20. Nf1 Rxe5 21. Rxe5 Bxe5 22. Nxg3 Qb6+ 23. Kh1 fxg3 24. Qg5+ Bg7 25. Rb1 Qd6 26. Rd1 Qe5 27. Qd2 Qf6 28. Qg5 Qxg5 29. hxg5 Be6 30. Be4 c6 31. a3 Ng6 32. Bxg6 fxg6 33. Rd6 Bf5 34. Kg1 Be5 35. Rd1 Bf4 36. Kf1 Bxg5 37. Rd4 Be3 38. Rd1 Bf2 39. Nd3 Bxd3+ 40. Rxd3 Re8 41. Rd1 Kf7 42. Rd7+ Kf6 43. Rd6+ Kf5 44. Rd1 g5 45. b4 g4 46. c4 gxf3 47. gxf3 Re1+ 48. Rxe1 Bxe1 49. Kxe1 Kf4 50. Ke2 h4 51. a4 a6 52. a5 h3 53. b5 cxb5 54. c5 h2 55. c6 bxc6 56. Kd3 h1Q 57. Kc3 Qxf3+ 58. Kb4 Qd5 59. Ka3 g2 60. Kb2 g1Q 61. Kc3 Qgd4+ 62. Kc2 Q5c4+ 63. Kb1 Qd2 64. Ka1 Qcc1# 0-1

[Event "Daventry Stokes Cup U12"]
[Site "Daventry"]
[Date "2016.07.18"]
[Round "1.4"]
[White "Moracchini, Margaux"]
[Black "Murphy, Adam"]
[Result "1-0"]
[WhiteElo "1474"]
[BlackElo "1463"]
[PlyCount "93"]
[EventDate "2016.07.18"]
[EventType "team-tourn"]
[EventRounds "5"]
[EventCountry "ENG"]
[SourceTitle "EXT 2020"]
[Source "ChessBase"]
[SourceDate "2019.10.17"]
[SourceVersion "1"]
[SourceVersionDate "2019.10.17"]
[SourceQuality "1"]
[WhiteTeam "France"]
[BlackTeam "Ireland"]
[WhiteTeamCountry "FRA"]
[BlackTeamCountry "IRL"]

1. e4 e6 2. d4 d5 3. Nd2 Nf6 4. e5 Nfd7 5. Bd3 c5 6. c3 Nc6 7. Ne2 cxd4 8. cxd4 Be7 9. 0-0 f6 10. exf6 Nxf6 11. Nf3 0-0 12. Nc3 Qc7 13. h3 a6 14. Re1 Bd6 15. a3 g6 16. Bh6 Re8 17. Qc2 Bf4 18. Bxf4 Qxf4 19. Ne2 Qh6 20. Qc1 Qg7 21. Nc3 Nd7 22. Nxd5 Nxd4 23. Nxd4 Qxd4 24. Nc7 Ne5 25. Rxe5 Qxe5 26. Nxa8 Qd4 27. Qc3 Qa7 28. Nc7 Rf8 29. Qe1 Qb6 30. Rc1 Bd7 31. Bc4 Rf6 32. Rc2 Kg7 33. Qd2 Ba4 34. b3 Qxc7 35. bxa4 Qe7 36. Qb4 Qd7 37. Rd2 Qe8 38. Qxb7+ Rf7 39. Qb2+ Rf6 40. Bxa6 Qf8 41. Rc2 Qd6 42. Bf1 Qf8 43. Rc7+ Kh6 44. Qd2+ g5 45. h4 Rg6 46. Bd3 Qd6 47. Qxg5+ 1-0

[Event "Daventry Stokes Cup U12"]
[Site "Daventry"]
[Date "2016.07.18"]
[Round "2.3"]
[White "Murphy, Adam"]
[Black "Hartman, James"]
[Result "1-0"]
[WhiteElo "1463"]
[BlackElo "1281"]
[PlyCount "55"]
[EventDate "2016.07.18"]
[EventType "team-tourn"]
[EventRounds "5"]
[EventCountry "ENG"]
[SourceTitle "EXT 2020"]
[Source "ChessBase"]
[SourceDate "2019.10.17"]
[SourceVersion "1"]
[SourceVersionDate "2019.10.17"]
[SourceQuality "1"]
[WhiteTeam "Ireland"]
[BlackTeam "Scotland"]
[WhiteTeamCountry "IRL"]
[BlackTeamCountry "SCO"]

1. d4 d5 2. Nf3 Nf6 3. e3 Bg4 4. c4 e6 5. Qb3 b6 6. Nc3 Nbd7 7. cxd5 exd5 8. Nxd5 Nxd5 9. Qxd5 Be6 10. Qc6 Bd6 11. Bd3 0-0 12. Qc2 h6 13. e4 Re8 14. 0-0 Bg4 15. e5 Bxf3 16. exd6 Bb7 17. dxc7 Qh4 18. f4 Qf6 19. Qf2 Rac8 20. Bd2 Rxc7 21. Rac1 Rec8 22. Rc3 Qe6 23. Qg3 Qf6 24. f5 Qxd4+ 25. Be3 Qf6 26. Rxc7 Rxc7 27. Qxc7 Bc6 28. Rc1 1-0